000 00422nam a2200157Ia 4500
005 20251020182601.0
008 200515s9999 xx 000 0 und d
082 _aSC/336.12(048)/P45/1982
110 _aDirección General de Planificación Económica
245 0 _aSíntesis del presupuesto del sector público nacional
260 _aLima
260 _c1982
300 _a119
650 _aPLANIFICACION
942 _cLIB
999 _c3046
_d3046